00317nam a2200133Ia 4500008004100000041000800041082001900049100001900068245003200087250000600119260003800125300001100163650000900174210716s1992 xx 000 0 und d aeng a005.3001 CASF aCase, Felicia. aLearn wordperfect in a day. a1 aNew DelhibBPB Publicationsc1992 avi,122 aNone